La humanidad en la encrucijada : segundo informe al Club de Roma /

I tiakina i:
Ngā taipitopito rārangi puna kōrero
Kaituhi matua: Mesarovic, Mihajlo (autor)
Ētahi atu kaituhi: Pestel, Eduard (autor) (autor)
Hōputu: Pukapuka
Reo:Pāniora
I whakaputaina: México : Fondo de Cultura Económica, 1975, c1975
Rangatū:(Colección Popular ; 142)
Ngā marau:
Ngā Tūtohu: Tāpirihia he Tūtohu
Kāore He Tūtohu, Me noho koe te mea tuatahi ki te tūtohu i tēnei pūkete!

MARC

LEADER 00000nam^a2200000^a^4500
001 000269703
005 20250521000000.0
009 20260310110932.83
037 |a Acervo Xavier Clavigero 
041 |a ESP 
082 |a 330. 904  |b MES 
100 |a Mesarovic, Mihajlo  |e (autor) 
240 1 3 |a [La humanidad en la encrucijada: segundo informe al Club de Roma] 
245 1 3 |a La humanidad en la encrucijada :  |b segundo informe al Club de Roma /  |c M. Mesarovic, E. Pestel ; pról. de M.A. Cárdenas. 
264 4 |a México :  |b Fondo de Cultura Económica,  |c 1975, c1975 
300 |a 261 p. 
336 |a texto  |b txt  |2 rdacontenido 
337 |a sin mediación  |b n  |2 rdamedio 
338 |a volumen  |b nc  |2 rdasoporte 
440 1 |a (Colección Popular ;  |v 142) 
500 |a Traducción de: Mankind at the Turning Point. The Second Report to The Club of Rome 
649 |a XX 
650 |a Abasto de Alimentos 
650 |a Petróleo 
650 |a Recursos Energéticos 
650 |a Recursos Naturales 
650 |a Crisis Económica 
650 |a Problemas Sociales 
650 |a Demografía 
650 |a Desarrollo Económico-Social 
650 |a Política Internacional 
650 |a Economía Internacional 
650 |a Economía -  |x Historia -  |y Siglo XX -  |x Tema Principal 
700 |a Pestel, Eduard  |e (autor) 
910 |a Fondo General 
920 |a Impresos - Libros 
930 |a Colección General 
905 |a 101 
901 |a 033572  |b IT1  |c ACC  |u 20250521 
902 |a https://opac.biblio.iteso.mx/vufind/Record/000269703